[Event ":("]
[Site "http://www.queenalice.com/game.php?id=614943"]
[Date "2009.7.8"]
[Round "-"]
[White "Mr_SPOCK"]
[Black "lobispito"]
[Result "0-1"]
[WhiteElo "1512"]
[BlackElo "1717"]

1. e4 e5 2. Qh5 Qf6 3. Nc3 Bc5 4. Nf3 Nc6 5. Bc4 g6 6. Nd5 gxh5 7. Nxf6+ Nxf6 8.
Ng5 Nb4 9. Bxf7+ Ke7 10. O-O Nxc2 11. Rb1 b6 12. a3 Ba6 13. Rd1 Be2 14. b4 Bd4
15. Bb2 Bxd1 16. Bb3 Bxb2 17. Bxc2 Bxc2 18. Rxb2 Bxe4 19. f3 Bd3 20. Rb3 Bb5 21.
Re3 d6 22. f4 Nd5 23. fxe5 Nxe3 24. exd6+ cxd6 25. h4 Raf8 26. Ne4 Rf1+ 27. Kh2
Bc6 28. d3 Rg8 29. Ng5 h6 30. Nh7 Rxg2+ 31. Kh3 Rh1# 0-1

[Event "Challenge"]
[Site "http://www.queenalice.com/game.php?id=617928"]
[Date "2009.7.13"]
[Round "-"]
[White "mestredosmagos"]
[Black "lobispito"]
[Result "0-1"]
[WhiteElo "1825"]
[BlackElo "1750"]

1. g3 e5 2. Bg2 Bc5 3. d3 Qf6 4. Nf3 Bb4+ 5. Bd2 a5 6. Bxb4 axb4 7. O-O Ne7 8.
Qd2 c5 9. b3 e4 10. c3 exf3 11. Bxf3 O-O 12. Bg2 bxc3 13. Nxc3 Na6 14. Ne4 Qd4
15. Ng5 h6 16. Nf3 Qf6 17. a3 d6 18. b4 b5 19. bxc5 Nxc5 20. Qb4 Ba6 21. Nh4 Nd5
22. Bxd5 Rae8 23. Bf3 g5 24. Ng2 Ne6 25. a4 Nc7 26. axb5 Bxb5 27. Rac1 Rc8 28.
Rxc7 Rxc7 29. Qxb5 Rfc8 30. Ne1 Rc1 31. Bb7 Rb8 32. Nf3 Qa1 33. Re1 Rxe1+ 34.
Nxe1 Qxe1+ 35. Kg2 Qxe2 36. Qd7 Qxd3 37. Qc7 Re8 38. Qd7 Qe2 39. Bf3 Qe7 40. Qf5
Qe5 41. Qg4 Re6 42. Qh5 Rf6 43. Qg4 Qf5 44. Qh5 d5 45. Bg4 Qxf2+ 46. Kh3 Qf1#
0-1

[Event "Challenge"]
[Site "http://www.queenalice.com/game.php?id=621815"]
[Date "2009.7.20"]
[Round "-"]
[White "ReidoBaralho"]
[Black "lobispito"]
[Result "1-0"]
[WhiteElo "1610"]
[BlackElo "1738"]

1. d4 e6 2. Bf4 Bb4+ 3. c3 Be7 4. Qd2 Nf6 5. Be5 O-O 6. Bxf6 Bxf6 7. Nh3 d5 8.
g3 b6 9. Bg2 Ba6 10. b4 h6 11. O-O Bg5 12. f4 Bf6 13. Qb2 Qd7 14. a4 b5 15. e4
c6 16. e5 Be7 17. Nd2 bxa4 18. Rxa4 Bxf1 19. Nxf1 c5 20. bxc5 Qxa4 21. Qb7 Na6
22. Qxe7 Rfe8 23. Qh4 Rab8 24. g4 Rb2 25. g5 Qc2 26. Ne3 Rb1+ 27. Bf1 Qd3 28.
Kf2 Rb2+ 29. Kf3 Qe4+ 30. Kg4 Qxe3 31. gxh6 f5+ 32. Kg5 gxh6+ 33. Kxh6 Kf7 34.
Qf6+ Kg8 35. Qg7# 1-0

[Event "Challenge"]
[Site "http://www.queenalice.com/game.php?id=621816"]
[Date "2009.7.20"]
[Round "-"]
[White "ReidoBaralho"]
[Black "lobispito"]
[Result "0-1"]
[WhiteElo "1618"]
[BlackElo "1717"]

1. d4 e6 2. Bf4 Nc6 3. a3 g6 4. Nc3 a6 5. d5 Nce7 6. dxe6 fxe6 7. Be5 Nf6 8.
Bxf6 Rg8 9. Nf3 Bg7 10. Bxg7 Rxg7 11. Qd4 Nf5 12. Qg4 h5 13. Qc4 b5 14. Qb3 Qf6
15. e4 Nd4 16. Nxd4 Qxd4 17. Rd1 Qc5 18. g3 Rf7 19. f4 Qe3+ 20. Be2 e5 21. Nd5
Qxb3 22. Nxc7+ Kd8 23. cxb3 Kxc7 24. Rc1+ Kb6 25. fxe5 Bb7 26. Bd3 Re8 27. a4
Rf3 28. Be2 Rxb3 29. axb5 Bxe4 30. O-O axb5 31. Rfd1 Rxb2 32. Bf1 d5 33. Bd3
Rg2+ 34. Kf1 Rf8+ 35. Ke1 Rg1+ 36. Kd2 Rf2+ 37. Be2 Rgg2 38. Re1 Bf3 39. Ke3
Bxe2 40. Kd4 Bf3 41. e6 Rd2+ 42. Kc3 d4+ 43. Kb4 Rb2+ 44. Ka3 b4+ 45. Ka4 Ra2+
46. Kxb4 Rgb2+ 47. Kc4 Ra4+ 48. Kd3 Rb3+ 49. Kc2 Rc3+ 50. Kb2 Rb4+ 51. Ka2 Bd5+
52. Ka1 Ra3# 0-1

[Event "AUTO-OPEN-1437"]
[Site "http://www.queenalice.com/game.php?id=636355"]
[Date "2009.8.14"]
[Round "2"]
[White "lobispito"]
[Black "TheBigSid"]
[Result "0-1"]
[WhiteElo "1740"]
[BlackElo "2270"]

1. e4 e6 2. Qh5 Nf6 3. Qe5 c5 4. d4 Nc6 5. Qg5 Nxd4 6. Kd1 h6 7. Qh4 Be7 8. c3
Nc6 9. Bb5 d5 10. e5 Ne4 11. Bxc6+ bxc6 12. Qf4 Bg5 13. Qg4 Nxf2+ 14. Kc2 Nxg4
15. Bxg5 Qxg5 16. Nf3 Qf5+ 17. Kb3 Rb8+ 18. Ka3 Qc2 19. Nbd2 Qxb2+ 20. Ka4 Qb5+
21. Ka3 Qa5# 0-1

[Event "AUTO-OPEN-1437"]
[Site "http://www.queenalice.com/game.php?id=636356"]
[Date "2009.8.14"]
[Round "2"]
[White "TheBigSid"]
[Black "lobispito"]
[Result "1-0"]
[WhiteElo "2263"]
[BlackElo "1702"]

1. d4 e6 2. c4 d5 3. Nc3 dxc4 4. e4 Bb4 5. Bxc4 Bxc3+ 6. bxc3 Qh4 7. Qe2 Nf6 8.
Bd3 Ng4 9. Nf3 Qf6 10. h3 Nh6 11. g4 Qe7 12. a4 b6 13. Ba3 Qd8 14. Ne5 f6 15.
Bb5+ Bd7 16. Bxd7+ Nxd7 17. Nc6 Qc8 18. Qc4 Kf7 19. f4 Kg6 20. Ne7+ Kf7 21. Nxc8
Raxc8 22. g5 fxg5 23. fxg5 Ng8 24. O-O+ Ndf6 25. gxf6 g6 26. Qc6 Nxf6 27. e5
Rhd8 28. Rxf6+ Kg7 29. Qxe6 Kh6 30. Bc1+ Kh5 31. Qg4# 1-0

[Event "aureliano"]
[Site "http://www.queenalice.com/game.php?id=645796"]
[Date "2009.9.2"]
[Round "2"]
[White "aureliano"]
[Black "lobispito"]
[Result "0-1"]
[WhiteElo "1473"]
[BlackElo "1734"]

1. e4 e5 2. d4 Qh4 3. Nc3 Bb4 4. a3 Qxe4+ 5. Be3 exd4 6. Bd3 Qxg2 7. Be4 Bxc3+
8. bxc3 Qxe4 9. Nf3 dxe3 10. fxe3 Qxe3+ 11. Qe2 Qxe2+ 12. Kxe2 b6 13. Rhf1 Ba6+
14. Kf2 Bxf1 15. Rxf1 Nf6 16. Kg2 Ng4 17. h3 Ne3+ 18. Kf2 Nxf1 19. Kxf1 O-O 20.
Kg2 Nc6 21. c4 Rae8 22. a4 Re2+ 23. Kg3 Rfe8 24. Ng5 R8e3+ 25. Kg4 Rg2+ 26. Kf4
Ree2 27. h4 Ref2+ 28. Ke3 Ne5 29. Kd4 Nf3+ 30. Nxf3 Rxf3 31. c3 Rd2+ 32. Ke4
Rdf2 33. c5 f5+ 34. Kd4 Rf4+ 35. Ke3 R4f3+ 36. Kd4 Rd2+ 37. Kc4 Rc2 38. Kb5 Rb2+
39. Ka6 bxc5 40. c4 Ra3 41. a5 Rba2 42. Kb7 f4 43. a6 f3 44. Kxa7 Rxa6+ 45. Kb7
f2 46. Kxc7 f1=Q 47. Kxd7 Qf7+ 48. Kc8 Ra8# 0-1

[Event "Challenge"]
[Site "http://www.queenalice.com/game.php?id=649965"]
[Date "2009.9.9"]
[Round "-"]
[White "lobispito"]
[Black "ReidoBaralho"]
[Result "1-0"]
[WhiteElo "1740"]
[BlackElo "1600"]

1. e4 d5 2. e5 Nc6 3. Qh5 g6 4. Qg5 Nd4 5. Na3 Bh6 6. Qh4 Nf5 7. Qa4+ c6 8. g4
Nh4 9. Qd4 e6 10. f4 b6 11. f5 c5 12. Qa4+ Bd7 13. Nb5 exf5 14. Nd6+ Ke7 15. Qb3
c4 16. Qb4 Qc7 17. Nb5+ Kd8 18. Nxc7 Kxc7 19. Qe7 Re8 20. Qxf7 Ne7 21. Qf6 fxg4
22. Qxh4 Nf5 23. Qxg4 Rxe5+ 24. Ne2 Nd6 25. Qg3 Rhe8 26. d4 Rh5 27. Bxh6 Rxh6
28. O-O-O Kc6 29. Qg5 Rh5 30. Qf4 Re4 31. Qf8 b5 32. Qa8+ Kb6 33. Nc3 Re3 34.
Nxd5+ Ka6 35. Nxe3 1-0

[Event "Challenge"]
[Site "http://www.queenalice.com/game.php?id=659984"]
[Date "2009.9.29"]
[Round "-"]
[White "lobispito"]
[Black "ReidoBaralho"]
[Result "1-0"]
[WhiteElo "1753"]
[BlackElo "1560"]

1. e4 e5 2. Qh5 Bd6 3. Bc4 g6 4. Qf3 Nf6 5. d3 O-O 6. Bg5 Kg7 7. Qh3 Nh5 8. Bxd8
Rxd8 9. Qf3 Rf8 10. Nh3 Bc5 11. Ng5 f5 12. Nf7 Rxf7 13. Bxf7 Kxf7 14. exf5 Nf4
15. Qe4 d6 16. Nc3 Bxf5 17. Qxb7 Nxg2+ 18. Qxg2 Nc6 19. Qxc6 Rb8 20. Qxc7+ Ke6
21. Qxb8 1-0

[Event "Challenge"]
[Site "http://www.queenalice.com/game.php?id=665151"]
[Date "2009.10.9"]
[Round "-"]
[White "lobispito"]
[Black "mestredosmagos"]
[Result "1-0"]
[WhiteElo "1784"]
[BlackElo "1818"]

1. e4 e5 2. Qh5 d6 3. Bc4 Be6 4. Bxe6 g6 5. Bxf7+ Kxf7 6. d3 gxh5 7. h4 Qf6 8.
Bg5 Qe6 9. Nc3 Bh6 10. Bd8 Qd7 11. Bg5 Bxg5 12. hxg5 Qg4 13. g3 Qxg5 14. Nd5 Na6
15. Nf3 Qg4 16. Ke2 Ne7 17. Ne3 Qd7 18. Ng5+ Ke8 19. Rxh5 Nc5 20. Rah1 Ne6 21.
Nxh7 Rxh7 22. Rxh7 Qc6 23. Rh8+ Nf8 24. R1h6 Kd7 25. Rf6 Qb6 26. b3 Qc5 27. Rf7
Ke6 28. Rg7 Qa5 29. Rh6+ Kd7 30. Nd5 Re8 31. Nf6+ Kd8 32. Nxe8 Kxe8 33. a4 Kd7
34. Rf6 Ne6 35. Rh7 1-0

[Event "aureliano"]
[Site "http://www.queenalice.com/game.php?id=674874"]
[Date "2009.10.30"]
[Round "3"]
[White "lobispito"]
[Black "polly"]
[Result "1-0"]
[WhiteElo "1772"]
[BlackElo "1665"]

1. e4 e5 2. Qh5 d6 3. Bc4 g6 4. Qf3 Nf6 5. Nh3 Bh6 6. Nc3 Be6 7. Nd5 Nxd5 8.
exd5 Bd7 9. Qd3 O-O 10. Qb3 b6 11. a4 e4 12. O-O Qf6 13. Re1 Qd4 14. c3 Qe5 15.
d4 Qg7 16. Rxe4 Bxh3 17. gxh3 g5 18. Bd2 f6 19. Rae1 Nd7 20. Qb5 f5 21. Re7 Rf7
22. Qxd7 Raf8 23. Rxf7 Rxf7 24. Re8+ Rf8 25. Qe6+ Qf7 26. Qxf7+ Kxf7 27. Re6 Kg7
28. h4 Rf6 29. Re7+ Kg6 30. Bxg5 Bxg5 31. hxg5 Kxg5 32. Rxh7 Rg6 33. Rxc7 Kf6+
34. Kf1 Rg7 35. Rc8 1-0

[Event "Challenge"]
[Site "http://www.queenalice.com/game.php?id=688610"]
[Date "2009.11.25"]
[Round "-"]
[White "ReidoBaralho"]
[Black "lobispito"]
[Result "0-1"]
[WhiteElo "1554"]
[BlackElo "1801"]

1. d4 e6 2. Bf4 Bb4+ 3. c3 Bd6 4. Bxd6 cxd6 5. d5 e5 6. Nh3 Qa5 7. e4 Nf6 8. Be2
Nxe4 9. O-O Qb6 10. Bh5 g6 11. Bg4 Qxb2 12. Bf3 Qxa1 13. Bxe4 Qxa2 14. Qg4 f5
15. Bxf5 gxf5 16. Qxf5 Qxd5 17. Ng5 Rg8 18. Ne4 Kd8 19. Qf6+ Kc7 20. Nbd2 b6 21.
c4 Qe6 22. Qf3 Nc6 23. Ra1 Bb7 24. Rd1 Nd4 25. Qa3 Qg6 26. g3 Ne2+ 27. Kg2 Bxe4+
28. Kf1 Bd3 29. c5 Nc3+ 30. Ke1 Qg4 31. cxd6+ Kb7 32. f3 Qd4 33. Nb3 Qg1+ 34.
Kd2 Qxd1+ 35. Kxc3 Qc2+ 36. Kb4 Qc4# 0-1

[Event "Challenge"]
[Site "http://www.queenalice.com/game.php?id=713703"]
[Date "2010.1.14"]
[Round "-"]
[White "lobispito"]
[Black "ReidoBaralho"]
[Result "1-0"]
[WhiteElo "1807"]
[BlackElo "1651"]

1. d4 d5 2. c3 Bf5 3. Qa4+ c6 4. Qb3 b5 5. Nf3 h6 6. a4 e6 7. axb5 Nf6 8. bxc6
Nxc6 9. Qb5 Rc8 10. Rxa7 Bxb1 11. Ne5 Qd6 12. Nxf7 Qb8 13. Rb7 Qa8 14. Nxh8 Bd6
15. g3 Bc7 16. Qxc6+ Nd7 17. Qxe6+ Kd8 18. Nf7# 1-0

[Event "Challenge"]
[Site "http://www.queenalice.com/game.php?id=730452"]
[Date "2010.2.12"]
[Round "-"]
[White "lobispito"]
[Black "ReidoBaralho"]
[Result "1-0"]
[WhiteElo "1817"]
[BlackElo "1599"]

1. e4 e5 2. Qh5 Nc6 3. Bc4 g6 4. Qf3 Nf6 5. d3 Nd4 6. Qd1 Ng4 7. c3 b5 8. cxd4
bxc4 9. Qxg4 cxd3 10. dxe5 Bg7 11. Nf3 c6 12. O-O Ba6 13. Rd1 Qa5 14. Bd2 Qb5
15. b3 Qc5 16. Nc3 O-O 17. Na4 Qe7 18. a3 Rab8 19. Bb4 c5 20. Bxc5 Qe8 21. Bxf8
Kxf8 22. Nc5 Bc8 23. Rxd3 Bxe5 24. Rad1 d6 25. Qh4 Kg7 26. Nxe5 Qxe5 27. Rd5 Qc3
28. Nd3 Rxb3 29. Rxd6 Ba6 30. Rc1 Bxd3 31. Qf4 Rb1 32. Rxb1 Bxb1 33. Rd1 Qc2 34.
Qc1 Qxe4 35. Qxb1 Qa4 36. Qd3 a5 37. Qd4+ Qxd4 38. Rxd4 Kf6 39. Ra4 Ke5 40.
Rxa5+ Kd6 41. Rb5 Kc6 42. a4 f5 43. Rb1 h5 44. a5 1-0

[Event "Challenge"]
[Site "http://www.queenalice.com/game.php?id=757574"]
[Date "2010.4.7"]
[Round "-"]
[White "lobispito"]
[Black "Mr_SPOCK"]
[Result "0-1"]
[WhiteElo "1824"]
[BlackElo "1608"]

1. e4 e5 2. Qh5 Nc6 3. Bc4 g6 4. Qf3 Nf6 5. Ne2 Bg7 6. d3 O-O 7. Bg5 d5 8. Bxd5
Bg4 9. Bxf6 Qd7 10. Qg3 Bxf6 11. Bxc6 Qe6 12. Bb5 a6 13. Bc4 Qd7 14. h3 Bh5 15.
Nec3 Qe7 16. Nd5 Qd8 17. Nxf6+ Qxf6 0-1

[Event "Challenge"]
[Site "http://www.queenalice.com/game.php?id=757575"]
[Date "2010.4.7"]
[Round "-"]
[White "lobispito"]
[Black "spin"]
[Result "0-1"]
[WhiteElo "1777"]
[BlackElo "1641"]

1. e4 g6 2. d4 d5 3. e5 f6 4. Qe2 Nc6 5. Qb5 Bd7 6. Qxd5 Bf5 7. Bd3 Qxd5 8. Bxf5
Qxg2 9. Be6 Qxh1 10. Kf1 Nxd4 11. Na3 Nxe6 12. Be3 fxe5 13. Rd1 Nf4 14. Bxf4 Bg7
15. Be3 Qxh2 16. Nb5 e4 17. b4 a6 18. Na3 b5 19. c4 Rd8 20. Rc1 Bb2 21. Re1 Bxa3
22. Bc5 Rd2 23. Rxe4 bxc4 24. Rxc4 Rd1+ 25. Ke2 Rxg1 26. Re4 Qh5+ 27. Kd3 Qf3+
28. Re3 Qd1+ 29. Kc4 Qc2+ 30. Kd4 Rd1+ 31. Ke5 Qf5# 0-1

[Event "Challenge"]
[Site "http://www.queenalice.com/game.php?id=780649"]
[Date "2010.5.25"]
[Round "-"]
[White "ReidoBaralho"]
[Black "lobispito"]
[Result "1/2-1/2"]
[WhiteElo "1513"]
[BlackElo "1770"]

1. e4 e5 2. Qh5 Qf6 3. Qf5 Bc5 4. Qxf6 Nxf6 5. Nf3 Nxe4 6. d4 exd4 7. Bd3 Nf6 8.
Bf4 d6 9. Bb5+ Bd7 10. Bc4 O-O 11. O-O Nc6 12. a3 Bf5 13. b4 Bb6 14. b5 Na5 15.
Nbd2 Bxc2 16. Rac1 d3 17. Ne1 Bc5 18. Nxc2 dxc2 19. Rxc2 Bxa3 20. Ra2 Bb4 21.
Ra4 Bxd2 22. Bxd2 Nxc4 23. Rxc4 c5 24. bxc6 Rac8 25. c7 b5 26. Rc6 Rfe8 27. Be3
a5 28. Bb6 a4 29. Rd1 Nd7 30. Rcxd6 Nxb6 31. Rxb6 Rxc7 32. Rbd6 Rcc8 33. Rb6 Rb8
34. Rbd6 b4 35. g3 b3 36. Ra6 Ra8 37. Rdd6 Reb8 38. Rdb6 a3 39. Rxa3 b2 40. Rxb2
g6 41. Rab3 Rxb3 42. Rxb3 Kg7 43. h4 Kh6 44. f4 Kh5 45. Kg2 Kg4 46. Rb4 Ra2+ 47.
Kf1 Kxg3 48. f5 Rf2+ 49. Ke1 Rxf5 50. Rb7 Kxh4 51. Rb4+ Kh5 52. Rb3 g5 53. Rh3+
Kg6 54. Ke2 h5 55. Ke3 g4 56. Rh1 g3 57. Rg1 h4 58. Ke4 Rf2 59. Ke3 Ra2 60. Kf3
g2 61. Kg4 f5+ 62. Kxh4 f4 63. Kg4 Rf2 64. Kh3 Kg5 65. Re1 Rf1 66. Re5+ Kf6 67.
Kxg2 Kxe5 68. Kxf1 Ke4 69. Kf2 f3 70. Kf1 Ke3 71. Ke1 Kf4 72. Kf2 Kg4 73. Ke1
Kg3 74. Kf1 Kf4 75. Kf2 Kg4 1/2-1/2